| 000 | 00902nmc a2200325 a 4500 | ||
|---|---|---|---|
| 003 | AR-BaBNM | ||
| 005 | 20251128211836.0 | ||
| 008 | 246120s[199 ||||||||||||||000 | spa|| | ||
| 020 | _a84-294-5344-X | ||
| 040 | _cAR-BaBNM | ||
| 245 | 1 | 0 |
_aLas escuelas eficaces _bclaves para mejorar la enseñanza |
| 260 |
_aBuenos Aires _bSantillana _c[1997] |
||
| 300 | 0 | _a174 p. | |
| 490 | 0 |
_aAula XXI _vv. 65 |
|
| 500 | 0 | _aDonación Fainholc | |
| 504 | _aContiene referencias bibliográficas | ||
| 650 | 4 | _aORGANIZACION ESCOLAR | |
| 650 | 4 | _aCALIDAD DE LA EDUCACION | |
| 650 | 4 | _aPROYECTOS EDUCACIONALES | |
| 653 | 0 | _aGESTION INSTITUCIONAL | |
| 653 | 0 | _aINSTITUCIONES EDUCATIVAS | |
| 700 | 1 | _aReynolds, David | |
| 700 | 1 | _aBollen, Robert | |
| 700 | 1 | _aCreemers, Bert | |
| 700 | 1 | _aHopkins, David | |
| 700 | 1 | _aStoll, Louise | |
| 700 | 1 | _aLagerweij, Nijs | |
| 942 | _cBK | ||
| 998 | _cNancy | ||
| 999 |
_c21343 _d21343 |
||